Contestación al interrogatorio acerca de las clasificaciones y los valores de los tejidos de lana, que elevan a la Comisión de Información, el Instituto Industrial de Cataluña y el Fomento de la Producción Nacional, unidos á los centros fabriles de Sabadell y Tarrasa. (Record no. 190358)

MARC details
000 -LEADER
campo de control de longitud fija 00778nam a2200157 i 4500
001 - NÚMERO DE CONTROL
campo de control 190358
003 - IDENTIFICADOR DE NÚMERO DE CONTROL
campo de control ES-MaACL
005 - FECHA Y HORA DE LA ÚLTIMA TRANSACCIÓN
campo de control 20230906223725.0
008 - DATOS DE LONGITUD FIJA--INFORMACIÓN GENERAL
campo de control de longitud fija 201112s1879 sp |||| | spa d
245 00 - MENCIÓN DEL TÍTULO
Título Contestación al interrogatorio acerca de las clasificaciones y los valores de los tejidos de lana, que elevan a la Comisión de Información, el Instituto Industrial de Cataluña y el Fomento de la Producción Nacional, unidos á los centros fabriles de Sabadell y Tarrasa.
260 ## - PUBLICACIÓN, DISTRIBUCIÓN, ETC.
Lugar de publicación, distribución, etc. [S.l.] :
Nombre del editor, distribuidor, etc. [s.n.],
Fecha de publicación, distribución, etc. 1879 (
Lugar de fabricación/manufactura Barcelona :
Fabricante Establ. Tip. de los sucesores de Ramírez y Compañía)
300 ## - DESCRIPCIÓN FÍSICA
Extensión 30 p. ;
Dimensiones 26 cm.
594 ## - Nota al título y mención de responsabilidad
Nota al título y mención de responsabilidad Precede al título: Información especial arancelaria.
650 ## - PUNTO DE ACCESO ADICIONAL DE MATERIA--TÉRMINO DE MATERIA
Término de materia o nombre geográfico como elemento de entrada Lana-
Subdivisión general Aranceles y tarifas.
9 (RLIN) 136338
852 ## - LOCALIZACIÓN
Ubicación ES-MaACL
Número de control de estantería T-666-F-15
Holdings
Estatus retirado Estado de pérdida Estado de daño No para préstamo Colección Biblioteca de origen Biblioteca actual Ubicación en estantería Fecha de adquisición Fuente de adquisición Total de préstamos Signatura topográfica completa Código de barras Visto por última vez Precio de reemplazo Tipo de ítem Koha
        Colección de folletos Biblioteca del Ateneo de Madrid Biblioteca del Ateneo de Madrid Depósito folletos 17/07/2005     T-666-F-15 1202364 23/02/2023 23/02/2023 Folleto